[Event "AUS-ch U18"]
[Site "Adelaide"]
[Date "2003.01.20"]
[Round "8"]
[White "Chesney, David"]
[Black "Chegwyn, Ben"]
[Result "1/2-1/2"]
[WhiteElo "1136"]
[BlackElo "1011"]
[PlyCount "106"]
[EventDate "2003.01.??"]
[EventType "swiss"]
[EventRounds "11"]
[EventCountry "AUS"]
[SourceTitle "EXT 2006"]
[Source "ChessBase"]
[SourceDate "2005.11.24"]
[SourceVersion "1"]
[SourceVersionDate "2005.11.24"]
[SourceQuality "1"]

1. d4 Nf6 2. c4 g6 3. Nc3 d5 4. Bf4 a6 5. Rc1 Bg7 6. g3 0-0 7. Bg2 e6 8. Nf3 Nbd7 9. cxd5 exd5 10. Qb3 Nb6 11. Nb5 c6 12. Nc7 Rb8 13. Qxb6 Bd7 14. Qb3 Bf5 15. Qa3 Rc8 16. Bd6 Rxc7 17. Bxc7 Qxc7 18. 0-0 Re8 19. e3 Bf8 20. Qb3 Qc8 21. Rfe1 Bd6 22. Nd2 h5 23. Qc3 Be6 24. f3 Bh3 25. e4 dxe4 26. Nxe4 Nxe4 27. fxe4 Bxg2 28. Kxg2 Qd8 29. e5 Bf8 30. Qc4 Bh6 31. Rcd1 h4 32. d5 hxg3 33. hxg3 cxd5 34. Qxd5 Qb6 35. b3 Bg7 36. Kf3 Qb4 37. Kg2 Qb6 38. a4 a5 39. Qb5 Qxb5 40. axb5 Rxe5 41. Rxe5 Bxe5 42. Rd7 b6 43. Rb7 Bd4 44. Kf3 Kg7 45. Ke4 Bf2 46. g4 Kf6 47. Rd7 Ke6 48. Rb7 f5+ 49. gxf5+ gxf5+ 50. Kf4 Bc5 51. Rh7 Bd6+ 52. Kf3 Ke5 53. Rb7 Bc5 1/2-1/2